[Event "17th Rubinstein Memorial"]
[Site "Polanica Zdroj POL"]
[Date "1979.08.06"]
[Round "1"]
[White "Borkowski, Franciszek"]
[Black "Planinc, Albin"]
[WhiteElo "2395"]
[BlackElo "2445"]
[Result "1-0"]
[EventDate "1979.08.06"]
[PlyCount "69"]
1. e4 g6 2. d4 Bg7 3. Nc3 d6 4. Be2 Nf6 5. h4 h5 6. Bg5 Nbd7 7. Qd2 a6 8. O-O-O c5 9. dxc5 Nxc5 10. f3 Be6 11. Nh3 Rc8 12. Kb1 O-O 13. Bh6 b5 14. Bxg7 Kxg7 15. Nf4 Bd7 16. Ncd5 Nh7 17. Ne3 Rc6 18. Rdg1 Nf6 19. g3 e6 20. g4 hxg4 21. Nxg4 Nxg4 22. h5 g5 23. Rxg4 Kh7 24. Rhg1 f6 25. Nh3 e5 26. Nxg5+ fxg5 27. Rxg5 Ne6 28. Rg6 Rf4 29. Qd5 Qe7 30. Bf1 Rc5 31. Qd2 Rc8 32. Bh3 Nd4 33. Bxd7 Qxd7 34. Qg2 Nxf3 35. Rh6+ 1-0

[Event "17th Rubinstein Memorial"]
[Site "Polanica Zdroj POL"]
[Date "1979.08.06"]
[Round "1"]
[White "Farago, Ivan"]
[Black "Jansa, Vlastimil"]
[WhiteElo "2510"]
[BlackElo "2495"]
[Result "1/2-1/2"]
[EventDate "1979.08.06"]
[PlyCount "45"]
1. d4 Nf6 2. c4 g6 3. Nc3 d5 4. Bf4 Bg7 5. Nf3 O-O 6. e3 c5 7. dxc5 Ne4 8. Rc1 Nxc3 9. bxc3 dxc4 10. Qxd8 Rxd8 11. Bxc4 Nd7 12. Rd1 Rf8 13. Bg5 Bxc3+ 14. Ke2 Bf6 15. Bxf6 Nxf6 16. Ne5 Bf5 17. f3 Rac8 18. Rc1 Rc7 19. e4 Bc8 20. Rc2 Kg7 21. Bb3 Nd7 22. Nd3 Nb8 23. Nb4 1/2-1/2

[Event "17th Rubinstein Memorial"]
[Site "Polanica Zdroj POL"]
[Date "1979.08.06"]
[Round "1"]
[White "Filip, Miroslav"]
[Black "Pokojowczyk, Jerzy"]
[WhiteElo "2475"]
[BlackElo "2365"]
[Result "1-0"]
[EventDate "1979.08.06"]
[PlyCount "145"]
1. d4 Nf6 2. c4 g6 3. Nc3 Bg7 4. e4 d6 5. f3 O-O 6. Bg5 c5 7. d5 e6 8. Qd2 exd5 9. cxd5 Re8 10. Nge2 a6 11. a4 Qa5 12. Ng3 Nbd7 13. Be2 Nb6 14. O-O Nfd7 15. Nd1 Qxd2 16. Bxd2 Bd4+ 17. Kh1 Ne5 18. a5 Nbc4 19. Bc1 b5 20. Ra2 h5 21. b3 h4 22. bxc4 hxg3 23. cxb5 axb5 24. Bxb5 Ba6 25. Bxa6 Rxa6 26. Be3 gxh2 27. Bxd4 cxd4 28. Nf2 Rb8 29. Kxh2 Rb5 30. Rd1 Rbxa5 31. Rxa5 Rxa5 32. Rxd4 f5 33. exf5 gxf5 34. Rf4 Rxd5 35. Rxf5 Rd4 36. Kg3 Kg7 37. Ne4 Nf7 38. Kf2 Rd3 39. Ke2 Rd4 40. g4 Ra4 41. Ke3 Ra3+ 42. Kf4 Rd3 43. Nf6 Rd4+ 44. Kg3 Rd1 45. Nh5+ Kf8 46. g5 Rg1+ 47. Kf4 Ke7 48. Rb5 Ne5 49. Ng7 Kf7 50. Rb7+ Kg6 51. Ne6 Nd3+ 52. Ke3 Re1+ 53. Kxd3 Rxe6 54. f4 d5 55. Rd7 Kf5 56. Rf7+ Kg6 57. Rf8 Re4 58. Rf6+ Kg7 59. Kd2 Kg8 60. f5 Kg7 61. Re6 Rg4 62. g6 d4 63. Kd3 Rf4 64. Re7+ Kg8 65. Rf7 Rg4 66. Kc4 Rf4 67. Kd3 Rg4 68. Kc4 Rf4 69. f6 Rg4 70. Rg7+ Kf8 71. Kd3 Rf4 72. Rf7+ Kg8 73. Kc4 1-0

[Event "17th Rubinstein Memorial"]
[Site "Polanica Zdroj POL"]
[Date "1979.08.06"]
[Round "1"]
[White "Knaak, Rainer"]
[Black "Adamski, Jan"]
[WhiteElo "2565"]
[BlackElo "2415"]
[Result "1/2-1/2"]
[EventDate "1979.08.06"]
[PlyCount "51"]
1. d4 Nf6 2. c4 e6 3. Nc3 Bb4 4. e3 c5 5. Bd3 O-O 6. Nf3 Nc6 7. d5 exd5 8. cxd5 Nxd5 9. Bxh7+ Kxh7 10. Qxd5 Bxc3+ 11. bxc3 d6 12. e4 Kg8 13. O-O Be6 14. Qh5 f6 15. Rd1 Qa5 16. Bf4 Ne5 17. Bxe5 dxe5 18. Rd3 Rfd8 19. Re3 c4 20. Nh4 Rd3 21. Rae1 Qxc3 22. h3 Rad8 23. Ng6 Qd4 24. Kh2 c3 25. Ne7+ Kf8 26. Ng6+ 1/2-1/2

[Event "17th Rubinstein Memorial"]
[Site "Polanica Zdroj POL"]
[Date "1979.08.06"]
[Round "1"]
[White "Kruszynski, Wlodzimierz"]
[Black "Spasov, Luben"]
[WhiteElo "2285"]
[BlackElo "2470"]
[Result "1/2-1/2"]
[EventDate "1979.08.06"]
[PlyCount "38"]
1. e4 c5 2. Nf3 Nc6 3. d4 cxd4 4. Nxd4 Nf6 5. Nc3 d6 6. Bg5 e6 7. Qd2 a6 8. O-O-O Bd7 9. f4 Be7 10. Nf3 b5 11. Bxf6 gxf6 12. f5 Qb6 13. Kb1 O-O-O 14. g3 Kb8 15. fxe6 fxe6 16. Bh3 Bc8 17. Qe1 Rhe8 18. Ne2 Bf8 19. Qc3 f5 1/2-1/2

[Event "17th Rubinstein Memorial"]
[Site "Polanica Zdroj POL"]
[Date "1979.08.06"]
[Round "1"]
[White "Spiridonov, Nikola"]
[Black "Schinzel, Wladyslaw"]
[WhiteElo "2440"]
[BlackElo "2400"]
[Result "1-0"]
[EventDate "1979.08.06"]
[PlyCount "89"]
1. Nf3 c5 2. c4 e6 3. g3 b6 4. Bg2 Bb7 5. O-O Nf6 6. Nc3 Be7 7. b3 O-O 8. Bb2 d5 9. Ne5 Nbd7 10. d4 cxd4 11. Qxd4 Bc5 12. Qf4 Nh5 13. Qf3 Nhf6 14. Qf4 Nh5 15. Qf3 Nhf6 16. Nxd7 Qxd7 17. Rad1 Rad8 18. cxd5 exd5 19. Na4 Ne4 20. Nxc5 bxc5 21. Rc1 Ba6 22. Rfd1 Qe6 23. Qe3 Rc8 24. f3 Nf6 25. Qxe6 fxe6 26. e3 Nd7 27. f4 Rb8 28. f5 exf5 29. Bxd5+ Kh8 30. Be6 Nb6 31. Rxc5 Na4 32. Bxg7+ Kxg7 33. bxa4 Rb2 34. Bb3 Be2 35. Rc7+ Kg6 36. Rd6+ Rf6 37. Bf7+ Kg5 38. h4+ Kg4 39. Rxf6 Kxg3 40. Rfc6 Bf3 41. Rc2 Rb1+ 42. Rc1 Rb2 43. R7c2 Rb4 44. Bc4 Rb6 45. Be2 1-0

[Event "17th Rubinstein Memorial"]
[Site "Polanica Zdroj POL"]
[Date "1979.08.07"]
[Round "2"]
[White "Adamski, Jan"]
[Black "Bielczyk, Jacek"]
[WhiteElo "2415"]
[BlackElo "2410"]
[Result "1/2-1/2"]
[EventDate "1979.08.06"]
[PlyCount "83"]
1. Nf3 Nf6 2. c4 d6 3. d4 Nbd7 4. Nc3 g6 5. e4 e5 6. Be2 Bg7 7. O-O O-O 8. Re1 c6 9. Bf1 Re8 10. d5 Qc7 11. Rb1 a5 12. a3 a4 13. Be3 Bf8 14. Bd3 Qa5 15. Bc2 cxd5 16. cxd5 b5 17. b4 axb3 18. Rxb3 Nc5 19. Bxc5 dxc5 20. Nxb5 c4 21. Rb1 Bxa3 22. Nxa3 Qxa3 23. Ra1 Qxa1 24. Qxa1 Rxa1 25. Rxa1 Bg4 26. Nd2 Be2 27. Re1 Bd3 28. Bxd3 cxd3 29. f3 Rc8 30. Kf2 Nd7 31. Ke3 Rc3 32. Rb1 f5 33. g3 Nc5 34. f4 exf4+ 35. gxf4 fxe4 36. Nxe4 Nxe4 37. Kxe4 Kf7 38. Rd1 Rc2 39. Rxd3 Rxh2 40. d6 Ke8 41. Ke5 Kd7 42. Kf6 1/2-1/2

[Event "17th Rubinstein Memorial"]
[Site "Polanica Zdroj POL"]
[Date "1979.08.07"]
[Round "2"]
[White "Jansa, Vlastimil"]
[Black "Schinzel, Wladyslaw"]
[WhiteElo "2495"]
[BlackElo "2400"]
[Result "1/2-1/2"]
[EventDate "1979.08.06"]
[PlyCount "181"]
1. e4 e5 2. Nf3 Nc6 3. Bb5 d6 4. d4 exd4 5. Qxd4 Bd7 6. Bxc6 bxc6 7. Nc3 Ne7 8. O-O Qb8 9. Re1 f6 10. Nh4 Qb6 11. Qd3 g6 12. Be3 Qb7 13. f4 Be6 14. f5 Bf7 15. Bd4 Bg7 16. Nd1 c5 17. Bc3 c4 18. Qg3 O-O-O 19. Ne3 Rhe8 20. fxg6 hxg6 21. Nef5 Nxf5 22. exf5 g5 23. Nf3 Qd5 24. Qg4 Bh8 25. Nd4 c5 26. Nf3 Qc6 27. b3 d5 28. bxc4 d4 29. Ba5 Rxe1+ 30. Rxe1 Re8 31. Rxe8+ Qxe8 32. Qg3 Qe3+ 33. Kh1 Qe7 34. Nd2 Bg7 35. h3 Bf8 36. c3 Qd7 37. cxd4 cxd4 38. Qf3 Kb8 39. Qb3+ Kc8 40. Qf3 Kb8 41. Qb3+ Kc8 42. Bb4 Bd6 43. Bxd6 Qxd6 44. Qb5 d3 45. c5 Qd4 46. c6 Qb6 47. Qxd3 Qxc6 48. Nb3 Bd5 49. Qd2 Qc4 50. Kh2 Qe4 51. Qf2 Qe5+ 52. Kg1 Kb8 53. Nd4 Qe4 54. a3 a6 55. Nc2 Kb7 56. Ne3 Bc6 57. Qb2+ Bb5 58. Qb3 Kc6 59. Qc3+ Kb7 60. Qc5 Bc6 61. Kf2 Qd3 62. Qb4+ Bb5 63. Qe7+ Kb8 64. Qf8+ Kb7 65. Qf7+ Kb8 66. Qg8+ Ka7 67. Qf7+ Kb8 68. Qg8+ Ka7 69. Qa2 Qd4 70. Qe6 Qb2+ 71. Kf3 Qd4 72. Qe7+ Kb8 73. Qb4 Qd3 74. Qf8+ Kb7 75. Qe7+ Kb8 76. Qc5 Kb7 77. Qe7+ Kb8 78. Kg4 Qe2+ 79. Kg3 Bc6 80. Kh2 Bb7 81. Qd8+ Ka7 82. Qd4+ Kb8 83. a4 Qf2 84. a5 Kc8 85. Qd3 Kc7 86. Qc4+ Kb8 87. Qd4 Kc8 88. Qc3+ Kb8 89. Kh1 Ka8 90. Kh2 Kb8 91. Qd4 1/2-1/2

[Event "17th Rubinstein Memorial"]
[Site "Polanica Zdroj POL"]
[Date "1979.08.07"]
[Round "2"]
[White "Pokojowczyk, Jerzy"]
[Black "Spiridonov, Nikola"]
[WhiteElo "2365"]
[BlackElo "2440"]
[Result "1/2-1/2"]
[EventDate "1979.08.06"]
[PlyCount "35"]
1. d4 Nf6 2. c4 e6 3. Nf3 b6 4. g3 Bb7 5. Bg2 c5 6. O-O cxd4 7. Nxd4 Bxg2 8. Kxg2 Qc8 9. b3 Be7 10. Bb2 Qb7+ 11. Nf3 O-O 12. Nc3 Rd8 13. Qd2 d5 14. cxd5 Nxd5 15. Rad1 Na6 16. Nxd5 Rxd5 17. Qf4 Rad8 18. Rxd5 1/2-1/2

[Event "17th Rubinstein Memorial"]
[Site "Polanica Zdroj POL"]
[Date "1979.08.07"]
[Round "2"]
[White "Spasov, Luben"]
[Black "Borkowski, Franciszek"]
[WhiteElo "2470"]
[BlackElo "2395"]
[Result "1-0"]
[EventDate "1979.08.06"]
[PlyCount "65"]
1. Nf3 d5 2. c4 c6 3. d4 Nf6 4. Nc3 e6 5. Bg5 dxc4 6. e4 b5 7. e5 h6 8. Bh4 g5 9. Nxg5 hxg5 10. Bxg5 Nbd7 11. g3 b4 12. Ne4 Nxe4 13. Bxd8 Kxd8 14. Qf3 f5 15. exf6 Ndxf6 16. Bxc4 Be7 17. O-O-O Nd6 18. Bd3 Kc7 19. h4 a5 20. g4 Nd5 21. g5 Rf8 22. Qg3 Nf4 23. g6 Nh5 24. Qe5 Nf6 25. g7 Rg8 26. Rdg1 Nfe8 27. Rg6 Kd8 28. h5 Nf7 29. Qf4 Ra7 30. h6 Nxh6 31. Qxh6 Bd6 32. Rhg1 Rf7 33. Qh7 1-0

[Event "17th Rubinstein Memorial"]
[Site "Polanica Zdroj POL"]
[Date "1979.08.08"]
[Round "3"]
[White "Borkowski, Franciszek"]
[Black "Farago, Ivan"]
[WhiteElo "2395"]
[BlackElo "2510"]
[Result "0-1"]
[EventDate "1979.08.06"]
[PlyCount "122"]
1. d4 e6 2. Nf3 Nf6 3. g3 d5 4. Bg2 Be7 5. O-O O-O 6. c4 Nbd7 7. cxd5 exd5 8. Nc3 Nb6 9. Ne5 Bf5 10. Na4 Re8 11. Bf4 Nxa4 12. Qxa4 c6 13. h3 h6 14. g4 Bh7 15. Qb3 Qb6 16. Qxb6 axb6 17. Nf3 b5 18. a3 Ra4 19. Rad1 b4 20. axb4 Rxb4 21. Bc1 Rb5 22. Ne1 Rb3 23. Bf3 Ne4 24. Rd3 Rb5 25. Rd1 Ng5 26. Bg2 Bd6 27. e3 Bb1 28. h4 Ne4 29. f3 Ng3 30. Rf2 h5 31. Nd3 hxg4 32. fxg4 Ne4 33. Rf3 Bc2 34. Rff1 Ng3 35. Rd2 Nxf1 36. Bxf1 Bb1 37. Kf2 Rb3 38. Be2 Bxd3 39. Rxd3 Rxd3 40. Bxd3 Bb4 41. Ke2 g6 42. Kf3 Kg7 43. h5 Rh8 44. e4 gxh5 45. exd5 hxg4+ 46. Kxg4 cxd5 47. Bf4 Be7 48. Be2 Rh1 49. Bf3 Rg1+ 50. Kh3 Rf1 51. Kg2 Rb1 52. Bxd5 Rxb2+ 53. Kf3 Rb5 54. Bc4 Rb4 55. Bd3 Bf6 56. d5 Rd4 57. Be4 b5 58. Be3 Ra4 59. d6 b4 60. Bb6 b3 61. Bf5 Ra6 0-1

[Event "17th Rubinstein Memorial"]
[Site "Polanica Zdroj POL"]
[Date "1979.08.08"]
[Round "3"]
[White "Filip, Miroslav"]
[Black "Adamski, Jan"]
[WhiteElo "2475"]
[BlackElo "2415"]
[Result "1-0"]
[EventDate "1979.08.06"]
[PlyCount "54"]
1. c4 Nf6 2. Nc3 e6 3. Nf3 b6 4. d4 Bb4 5. Bg5 h6 6. Bh4 Bb7 7. e3 c5 8. Be2 cxd4 9. exd4 Nc6 10. Rc1 Rc8 11. O-O Be7 12. d5 exd5 13. cxd5 Nxd5 14. Nxd5 Bxh4 15. Nxh4 Qxh4 16. Rc4 Qg5 17. Re4+ Kd8 18. h4 Qf5 19. Rf4 Qe6 20. Bg4 Qd6 21. Nxb6 Qxd1 22. Rxd1 Rc7 23. Nxd7 f5 24. Rxf5 h5 25. Ne5+ Ke8 26. Bxh5+ Rxh5 27. Rxh5 Nb4 1-0

[Event "17th Rubinstein Memorial"]
[Site "Polanica Zdroj POL"]
[Date "1979.08.08"]
[Round "3"]
[White "Knaak, Rainer"]
[Black "Planinc, Albin"]
[WhiteElo "2565"]
[BlackElo "2445"]
[Result "1/2-1/2"]
[EventDate "1979.08.06"]
[PlyCount "83"]
1. d4 Nf6 2. c4 b6 3. Nc3 Bb7 4. d5 e6 5. a3 Bd6 6. Nf3 O-O 7. e4 exd5 8. exd5 c6 9. Be2 cxd5 10. cxd5 Na6 11. Bg5 Re8 12. O-O h6 13. Bh4 Nc5 14. Nd4 Be5 15. Bc4 Qb8 16. f4 Bxd4+ 17. Qxd4 Nfe4 18. b4 Nxc3 19. bxc5 Ne4 20. c6 dxc6 21. dxc6 Bxc6 22. Bxf7+ Kxf7 23. Qc4+ Kf8 24. Qxc6 Qc8 25. Qg6 Qe6 26. Qh7 Qg8 27. Qf5+ Qf7 28. Qg4 Rac8 29. Rad1 h5 30. Qh3 Rc3 31. Rf3 Qb3 32. Qf5+ Kg8 33. Re1 Rxf3 34. Qxh5 Rf8 35. gxf3 Nd2 36. Kg2 Qf7 37. Qxf7+ Rxf7 38. Kg3 Rc7 39. Re2 Nb1 40. Be7 Kf7 41. Bd6 Rd7 42. Rb2 1/2-1/2

[Event "17th Rubinstein Memorial"]
[Site "Polanica Zdroj POL"]
[Date "1979.08.08"]
[Round "3"]
[White "Kruszynski, Wlodzimierz"]
[Black "Jansa, Vlastimil"]
[WhiteElo "2285"]
[BlackElo "2495"]
[Result "0-1"]
[EventDate "1979.08.06"]
[PlyCount "80"]
1. e4 c5 2. Nf3 e6 3. d4 cxd4 4. Nxd4 Nf6 5. Nc3 d6 6. Be2 Be7 7. O-O O-O 8. f4 a6 9. Be3 Qc7 10. Qe1 b5 11. Bf3 Bb7 12. e5 dxe5 13. fxe5 Nfd7 14. Qg3 Kh8 15. Bxb7 Qxb7 16. a3 Nc6 17. Nf3 b4 18. axb4 Qxb4 19. Na4 Qe4 20. Qf4 Qxf4 21. Bxf4 Rab8 22. Rfd1 Rfd8 23. Kf1 h6 24. h4 Nb4 25. Rd2 Nd5 26. Bg3 Nc5 27. Nxc5 Bxc5 28. Rxa6 Rxb2 29. Bf2 Rb1+ 30. Be1 Rc8 31. c4 Ne3+ 32. Ke2 Nxg2 33. Bg3 Ne3 34. Rd7 Rb2+ 35. Kd3 Rb3+ 36. Ke4 Nf5 37. Bf4 Bb4 38. c5 Rxc5 39. Ra8+ Kh7 40. Nd4 Rc4 0-1

[Event "17th Rubinstein Memorial"]
[Site "Polanica Zdroj POL"]
[Date "1979.08.08"]
[Round "3"]
[White "Schinzel, Wladyslaw"]
[Black "Pokojowczyk, Jerzy"]
[WhiteElo "2400"]
[BlackElo "2365"]
[Result "1-0"]
[EventDate "1979.08.06"]
[PlyCount "68"]
1. d4 Nf6 2. c4 g6 3. Nc3 Bg7 4. e4 d6 5. h3 O-O 6. Nf3 c5 7. d5 e6 8. Bd3 exd5 9. exd5 Re8+ 10. Be3 Bh6 11. O-O Bxe3 12. fxe3 Kg7 13. Qd2 Ng8 14. Rf2 f6 15. Raf1 Nd7 16. Ne4 Ne5 17. Nxe5 Rxe5 18. Nxf6 Nxf6 19. Rxf6 Bf5 20. Bxf5 Qxf6 21. Be6 Rxe6 22. Rxf6 Rxf6 23. b4 b6 24. bxc5 bxc5 25. Qb2 Re8 26. Qb7+ Rf7 27. Qc6 Rd8 28. e4 Kf6 29. Kf2 Ke5+ 30. Ke3 Rf4 31. Qc7 Rxe4+ 32. Kd3 Rd4+ 33. Ke3 Re8 34. Qd7 Ra8 1-0

[Event "17th Rubinstein Memorial"]
[Site "Polanica Zdroj POL"]
[Date "1979.08.09"]
[Round "4"]
[White "Adamski, Jan"]
[Black "Spiridonov, Nikola"]
[WhiteElo "2415"]
[BlackElo "2440"]
[Result "1/2-1/2"]
[EventDate "1979.08.06"]
[PlyCount "35"]
1. c4 c5 2. Nf3 g6 3. d4 cxd4 4. Nxd4 Nc6 5. e4 Nf6 6. Nc3 d6 7. Be2 Nxd4 8. Qxd4 Bg7 9. O-O O-O 10. Qd3 Bd7 11. Be3 Bc6 12. b4 Nd7 13. Rac1 b6 14. Rfd1 a5 15. a3 axb4 16. axb4 Ra3 17. Qd2 Qa8 18. Nd5 1/2-1/2

[Event "17th Rubinstein Memorial"]
[Site "Polanica Zdroj POL"]
[Date "1979.08.09"]
[Round "4"]
[White "Jansa, Vlastimil"]
[Black "Pokojowczyk, Jerzy"]
[WhiteElo "2495"]
[BlackElo "2365"]
[Result "1/2-1/2"]
[EventDate "1979.08.06"]
[PlyCount "37"]
1. e4 c5 2. Nf3 d6 3. Nc3 Nf6 4. d4 cxd4 5. Nxd4 a6 6. a4 e6 7. Be2 Be7 8. O-O Nc6 9. Be3 O-O 10. f4 Qc7 11. Kh1 Rd8 12. Qe1 Nxd4 13. Bxd4 e5 14. Bg1 exf4 15. a5 Re8 16. Bb6 Qc6 17. Bf3 Qc4 18. Qd2 Be6 19. b3 1/2-1/2

[Event "17th Rubinstein Memorial"]
[Site "Polanica Zdroj POL"]
[Date "1979.08.09"]
[Round "4"]
[White "Kruszynski, Wlodzimierz"]
[Black "Borkowski, Franciszek"]
[WhiteElo "2285"]
[BlackElo "2395"]
[Result "0-1"]
[EventDate "1979.08.06"]
[PlyCount "164"]
1. e4 e5 2. Nf3 Nc6 3. Bb5 Bc5 4. O-O d6 5. c3 Bd7 6. d4 Bb6 7. Na3 Nf6 8. Re1 h6 9. Nc4 O-O 10. a4 exd4 11. cxd4 Na5 12. Nxb6 axb6 13. Bd3 Nc6 14. b3 Bg4 15. Bb2 Bh5 16. Rc1 Ne7 17. Bb1 Ng6 18. Qd3 d5 19. e5 Ne4 20. Rxe4 dxe4 21. Qxe4 Bxf3 22. Qxf3 c6 23. g3 Qg5 24. Rd1 f5 25. Bc1 Qe7 26. Bd3 Rad8 27. Qh5 Qe8 28. Be3 Ne7 29. Qh3 Qf7 30. Bc4 Nd5 31. Bc1 Kh8 32. Ba3 Rfe8 33. Bd6 f4 34. Qg4 fxg3 35. hxg3 Re6 36. Bd3 Ne7 37. Rd2 g6 38. Qh4 Kg7 39. Bc4 g5 40. Qg4 Nd5 41. Rd3 Rdxd6 42. exd6 Rxd6 43. Rf3 Qd7 44. Qe4 Re6 45. Qf5 Re1+ 46. Kg2 Qxf5 47. Rxf5 Nf6 48. Re5 Re4 49. f3 Rxd4 50. Re7+ Kg6 51. Rxb7 Rd2+ 52. Kf1 Nd7 53. g4 Kf6 54. Ke1 Rd6 55. b4 Rd4 56. Be2 Ke6 57. b5 c5 58. Rc7 Ke5 59. Kf2 Rd6 60. a5 bxa5 61. Ra7 Kd4 62. Rxa5 c4 63. Ra1 Kc5 64. Rb1 Ne5 65. Ke3 Rb6 66. Ke4 Nf7 67. Ke3 Nd6 68. f4 Rxb5 69. Rxb5+ Nxb5 70. f5 Kd5 71. Bxc4+ Kxc4 72. Ke4 Nd4 73. Ke5 Nf3+ 74. Ke6 Kd4 75. f6 Ne5 76. Kd6 Ke4 77. Ke6 Kf4 78. Kd6 Ng6 79. Ke6 Kxg4 80. f7 h5 81. Kf6 Nf8 82. Kg7 Nd7 0-1

[Event "17th Rubinstein Memorial"]
[Site "Polanica Zdroj POL"]
[Date "1979.08.09"]
[Round "4"]
[White "Planinc, Albin"]
[Black "Bielczyk, Jacek"]
[WhiteElo "2445"]
[BlackElo "2410"]
[Result "0-1"]
[EventDate "1979.08.06"]
[PlyCount "96"]
1. b3 e5 2. Bb2 d6 3. e3 Nc6 4. Bb5 a6 5. Bxc6+ bxc6 6. f4 exf4 7. Qf3 d5 8. Qxf4 Bd6 9. Qa4 Bd7 10. Nf3 Nf6 11. O-O O-O 12. Nc3 Re8 13. Rae1 h6 14. Qh4 Ne4 15. Qxd8 Raxd8 16. Nd1 Bb4 17. Re2 Bg4 18. d3 Ng5 19. h4 Nxf3+ 20. gxf3 Bh3 21. Rff2 Bd6 22. Rd2 Bg3 23. Rfe2 Rd6 24. h5 Be5 25. Ba3 Rf6 26. f4 Bd6 27. Rh2 Bxa3 28. Rxh3 d4 29. exd4 Rxf4 30. Re3 Rxe3 31. Nxe3 Rxd4 32. Re2 Bc5 33. Kg2 Rh4 34. Nc4 Rxh5 35. Re8+ Kh7 36. Ra8 Rg5+ 37. Kf3 h5 38. Rxa6 h4 39. Rxc6 h3 40. Rxc5 h2 41. Rxg5 h1=Q+ 42. Rg2 g5 43. a4 f5 44. Kf2 g4 45. Ne5 Qh4+ 46. Ke2 Qe7 47. d4 c5 48. Kf1 cxd4 0-1

[Event "17th Rubinstein Memorial"]
[Site "Polanica Zdroj POL"]
[Date "1979.08.09"]
[Round "4"]
[White "Spasov, Luben"]
[Black "Knaak, Rainer"]
[WhiteElo "2470"]
[BlackElo "2565"]
[Result "1-0"]
[EventDate "1979.08.06"]
[PlyCount "81"]
1. Nf3 f5 2. d4 g6 3. g3 Bg7 4. Bg2 d6 5. O-O Nh6 6. Nc3 c6 7. e4 Nf7 8. Re1 e6 9. exf5 gxf5 10. h4 O-O 11. Ng5 Qf6 12. Qh5 h6 13. Nxf7 Qxf7 14. Qxf7+ Kxf7 15. Bf4 Rd8 16. Rad1 Na6 17. Ne2 Nb4 18. c3 Nd5 19. Bc1 Bd7 20. Nf4 Nf6 21. Bf3 Re8 22. Nh5 Bf8 23. Nxf6 Kxf6 24. Bf4 a5 25. c4 b6 26. b3 Ra7 27. Bh5 Rd8 28. a3 Be8 29. Bf3 c5 30. Be3 Rb8 31. a4 Bf7 32. Bc1 Ke7 33. Bg2 Bh5 34. Rd3 cxd4 35. Rxd4 Rd8 36. Rd5 Kf7 37. Rb5 Rb8 38. Be3 Ra6 39. Bc6 Ke7 40. Bd4 e5 41. f4 1-0

[Event "17th Rubinstein Memorial"]
[Site "Polanica Zdroj POL"]
[Date "1979.08.10"]
[Round "5"]
[White "Bielczyk, Jacek"]
[Black "Spasov, Luben"]
[WhiteElo "2410"]
[BlackElo "2470"]
[Result "1/2-1/2"]
[EventDate "1979.08.06"]
[PlyCount "29"]
1. e4 c5 2. Nf3 d6 3. c3 Nf6 4. Be2 g6 5. O-O Bg7 6. Re1 O-O 7. Bf1 Bg4 8. h3 Bxf3 9. Qxf3 Nc6 10. a4 Rb8 11. Na3 a6 12. Qd1 Nd7 13. Nc2 b5 14. axb5 axb5 15. d4 1/2-1/2

[Event "17th Rubinstein Memorial"]
[Site "Polanica Zdroj POL"]
[Date "1979.08.10"]
[Round "5"]
[White "Filip, Miroslav"]
[Black "Planinc, Albin"]
[WhiteElo "2475"]
[BlackElo "2445"]
[Result "1/2-1/2"]
[EventDate "1979.08.06"]
[PlyCount "26"]
1. c4 b6 2. d4 Nf6 3. Nc3 Bb7 4. Nf3 e6 5. g3 Bxf3 6. exf3 c5 7. d5 exd5 8. Nxd5 Nxd5 9. Qxd5 Nc6 10. Bh3 Be7 11. O-O O-O 12. Bxd7 Nd4 13. Be3 Nxf3+ 1/2-1/2

[Event "17th Rubinstein Memorial"]
[Site "Polanica Zdroj POL"]
[Date "1979.08.10"]
[Round "5"]
[White "Schinzel, Wladyslaw"]
[Black "Adamski, Jan"]
[WhiteElo "2400"]
[BlackElo "2415"]
[Result "1/2-1/2"]
[EventDate "1979.08.06"]
[PlyCount "87"]
1. d4 Nf6 2. c4 e6 3. g3 d5 4. Nf3 dxc4 5. Bg2 a6 6. O-O b5 7. Ne5 Nd5 8. e4 Nf6 9. Nc3 Bb7 10. Re1 Be7 11. Ng4 Nbd7 12. Nxf6+ Nxf6 13. e5 Nd5 14. Qg4 Kf8 15. a4 h5 16. Qf3 Rb8 17. axb5 Nxc3 18. Qxc3 Bxg2 19. Kxg2 Qd5+ 20. f3 axb5 21. b3 g6 22. Ra7 Qc6 23. Be3 Kg7 24. bxc4 bxc4 25. Rc1 h4 26. Rc2 Rb1 27. Bc1 Qb6 28. Ra4 h3+ 29. Kf2 c5 30. Rxc4 Rb3 31. Qd2 cxd4 32. Qxd4 Qxd4+ 33. Rxd4 Rd8 34. Rxd8 Bxd8 35. Rc8 Bb6+ 36. Ke2 Bd4 37. Rc4 Bxe5 38. Rh4 Rc3 39. Bh6+ Kg8 40. Rxh3 f5 41. Rh4 Bf6 42. Bd2 Rc2 43. Ra4 Bc3 44. Ra8+ 1/2-1/2

[Event "17th Rubinstein Memorial"]
[Site "Polanica Zdroj POL"]
[Date "1979.08.11"]
[Round "6"]
[White "Adamski, Jan"]
[Black "Pokojowczyk, Jerzy"]
[WhiteElo "2415"]
[BlackElo "2365"]
[Result "1/2-1/2"]
[EventDate "1979.08.06"]
[PlyCount "80"]
1. c4 g6 2. d4 Nf6 3. Nc3 Bg7 4. e4 d6 5. Be2 O-O 6. Bg5 c5 7. dxc5 Qa5 8. Bd2 Qxc5 9. Nf3 Bg4 10. Be3 Qa5 11. O-O Nc6 12. a3 Rfc8 13. b4 Qd8 14. Qb3 Qd7 15. Rac1 Bxf3 16. Bxf3 Ne5 17. Be2 Qe6 18. Nb5 Nc6 19. f3 Nd7 20. Rfd1 Kh8 21. Rb1 b6 22. Rbc1 f5 23. exf5 gxf5 24. Qd3 a5 25. Nd4 Nxd4 26. Bxd4 axb4 27. axb4 f4 28. Bf1 Rg8 29. Kh1 Ra2 30. Rd2 Rxd2 31. Qxd2 Bxd4 32. Qxd4+ Qe5 33. Qf2 Rg7 34. Bd3 Nf6 35. Rd1 Nd7 36. Qa2 Qc3 37. Qa8+ Rg8 38. Qe4 Rg7 39. Qxf4 Qxb4 40. Ra1 Nf6 1/2-1/2

[Event "17th Rubinstein Memorial"]
[Site "Polanica Zdroj POL"]
[Date "1979.08.11"]
[Round "6"]
[White "Kruszynski, Wlodzimierz"]
[Black "Knaak, Rainer"]
[WhiteElo "2285"]
[BlackElo "2565"]
[Result "1-0"]
[EventDate "1979.08.06"]
[PlyCount "131"]
1. e4 c5 2. Nf3 e6 3. d4 cxd4 4. Nxd4 Nf6 5. Nc3 d6 6. Be2 Be7 7. O-O O-O 8. f4 Nc6 9. Be3 e5 10. Nb3 exf4 11. Bxf4 Be6 12. Kh1 d5 13. exd5 Nxd5 14. Nxd5 Qxd5 15. Bf3 Qxd1 16. Rfxd1 Rad8 17. c3 g5 18. Bc7 Rxd1+ 19. Rxd1 Rc8 20. Bd6 Kf8 21. Nc5 Bxd6 22. Nxe6+ fxe6 23. Rxd6 Rd8 24. Rxd8+ Nxd8 25. Kg1 Ke7 26. Kf2 b6 27. Ke3 Kd6 28. Kd4 Nf7 29. b4 Ne5 30. c4 Nd7 31. g3 h6 32. Bg2 a5 33. a3 axb4 34. axb4 Nf6 35. c5+ bxc5+ 36. bxc5+ Ke7 37. Bf3 h5 38. Ke5 Nd7+ 39. Kd4 Nf6 40. Be2 h4 41. g4 h3 42. Bf3 Kd7 43. Ke5 Ke7 44. c6 Ne8 45. Be4 Nf6 46. Bf3 Ne8 47. Be2 Nd6 48. Kd4 Kd8 49. Bf1 Ke7 50. Kc5 Ne8 51. Bxh3 Nf6 52. Bg2 Ne8 53. h3 Nc7 54. Be4 Ne8 55. Bd3 Nc7 56. Bc4 Ne8 57. Ba6 Nc7 58. Bf1 Ne8 59. Bg2 Nc7 60. Bh1 Na8 61. Be4 Nc7 62. Kb6 Kd6 63. h4 gxh4 64. g5 h3 65. g6 Nd5+ 66. Kb7 1-0

[Event "17th Rubinstein Memorial"]
[Site "Polanica Zdroj POL"]
[Date "1979.08.11"]
[Round "6"]
[White "Planinc, Albin"]
[Black "Spiridonov, Nikola"]
[WhiteElo "2445"]
[BlackElo "2440"]
[Result "1/2-1/2"]
[EventDate "1979.08.06"]
[PlyCount "53"]
1. e4 c6 2. Nc3 d5 3. Nf3 Bg4 4. h3 Bxf3 5. Qxf3 Nf6 6. d3 e6 7. Bd2 Be7 8. g4 dxe4 9. dxe4 Nfd7 10. O-O-O h6 11. h4 Bxh4 12. e5 Nxe5 13. Qe2 Nbd7 14. f4 Ng6 15. f5 Ngf8 16. Ne4 Be7 17. g5 Qc7 18. gxh6 gxh6 19. Bc3 e5 20. Qh2 O-O-O 21. f6 Nxf6 22. Bh3+ Ne6 23. Bxe5 Qa5 24. Nxf6 Qxa2 25. Rd3 Bb4 26. Rxd8+ Rxd8 27. c3 1/2-1/2

[Event "17th Rubinstein Memorial"]
[Site "Polanica Zdroj POL"]
[Date "1979.08.11"]
[Round "6"]
[White "Spasov, Luben"]
[Black "Filip, Miroslav"]
[WhiteElo "2470"]
[BlackElo "2475"]
[Result "1/2-1/2"]
[EventDate "1979.08.06"]
[PlyCount "29"]
1. Nf3 Nf6 2. c4 c5 3. Nc3 Nc6 4. g3 d5 5. cxd5 Nxd5 6. Bg2 g6 7. O-O Bg7 8. Nxd5 Qxd5 9. d3 O-O 10. Be3 Bd7 11. d4 cxd4 12. Nxd4 Qc4 13. Nxc6 Bxc6 14. Bxc6 Qxc6 15. Qb3 1/2-1/2

[Event "17th Rubinstein Memorial"]
[Site "Polanica Zdroj POL"]
[Date "1979.08.12"]
[Round "7"]
[White "Bielczyk, Jacek"]
[Black "Kruszynski, Wlodzimierz"]
[WhiteElo "2410"]
[BlackElo "2285"]
[Result "1/2-1/2"]
[EventDate "1979.08.06"]
[PlyCount "32"]
1. c4 c5 2. Nf3 e6 3. d4 cxd4 4. Nxd4 Nc6 5. Nc3 a6 6. g3 d6 7. Bg2 Bd7 8. O-O Nf6 9. Re1 Be7 10. a4 O-O 11. Nxc6 Bxc6 12. a5 Qc7 13. Be3 Nd7 14. Na4 Rac8 15. Nb6 Nxb6 16. Bxb6 Qd7 1/2-1/2